[Event "Xtracon GM"]
[Site "Borup"]
[Date "2009.09.06"]
[Round "4"]
[White "Draeger, Michael"]
[Black "Andersen, Rune Egede"]
[Result "0-1"]
[WhiteElo "1850"]
[BlackElo "2026"]
[PlyCount "58"]
[EventDate "2009.09.04"]
[EventType "swiss"]
[EventRounds "9"]
[EventCountry "DEN"]
[Source "ChessBase"]
[SourceDate "2009.11.03"]

1. e4 e6 2. d4 d5 3. Nc3 Nf6 4. Bg5 Be7 5. e5 Nfd7 6. Bxe7 Qxe7 7. Bd3 a6 8.
Nf3 c5 9. dxc5 Nc6 10. Qe2 Qxc5 11. a3 Nd4 12. Nxd4 Qxd4 13. O-O Qxe5 14. Qg4
O-O 15. Rfe1 Qd6 16. Rad1 f5 17. Qh4 Nf6 18. Re3 Bd7 19. Rh3 g6 20. Be2 Rf7 21.
g4 fxg4 22. Bxg4 Nxg4 23. Qxg4 e5 24. Qh4 Bxh3 25. Rxd5 Qf6 26. Qxh3 Qxf2+ 27.
Kh1 Qe1+ 28. Kg2 Qf1+ 29. Kg3 Rf3+ 0-1

[Event "Xtracon GM"]
[Site "Borup"]
[Date "2009.09.06"]
[Round "4"]
[White "Flindt, Thomas"]
[Black "Jensen, Jan Kargaard"]
[Result "1-0"]
[WhiteElo "2166"]
[BlackElo "1762"]
[PlyCount "95"]
[EventDate "2009.09.04"]
[EventType "swiss"]
[EventRounds "9"]
[EventCountry "DEN"]
[Source "ChessBase"]
[SourceDate "2009.11.03"]

1. e4 g6 2. Bc4 Bg7 3. Nf3 e6 4. O-O Ne7 5. d4 d5 6. Bd3 dxe4 7. Bxe4 c6 8. c3
Nd7 9. Bg5 O-O 10. Nbd2 e5 11. dxe5 Nxe5 12. Nxe5 Bxe5 13. Nc4 Qc7 14. Nxe5
Qxe5 15. Bh6 Re8 16. Re1 Qf6 17. Be3 Be6 18. Qd6 Rad8 19. Qg3 a6 20. Bg5 Qg7
21. Qh4 Rd7 22. Bf6 Qf8 23. b3 Nf5 24. Bxf5 Bxf5 25. Bd4 Rde7 26. Red1 Re6 27.
Be3 Re4 28. Qg3 Qe7 29. h3 Bc8 30. Rd4 Rxd4 31. Bxd4 c5 32. Be3 b6 33. Bf4 Bb7
34. Rd1 Rd8 35. Rf1 Rd7 36. f3 b5 37. Re1 Qd8 38. Re5 Rd5 39. Re2 Rd3 40. Bc7
Qf8 41. Qe5 Rd5 42. Qf6 Rf5 43. Qb6 Qa8 44. Bd8 Bc6 45. Qc7 Rd5 46. Bf6 Rd1+
47. Kh2 Rd7 48. Qxc6 1-0

[Event "Xtracon GM"]
[Site "Borup"]
[Date "2009.09.06"]
[Round "4"]
[White "Glud, Jakob Vang"]
[Black "Akdag, Dara Sevkan"]
[Result "1-0"]
[WhiteElo "2476"]
[BlackElo "2188"]
[PlyCount "61"]
[EventDate "2009.09.04"]
[EventType "swiss"]
[EventRounds "9"]
[EventCountry "DEN"]
[Source "ChessBase"]
[SourceDate "2009.11.03"]

1. c4 Nf6 2. g3 c6 3. Bg2 d5 4. Nf3 Bf5 5. cxd5 cxd5 6. Qb3 Qb6 7. Qxb6 axb6 8.
d3 Nc6 9. O-O e6 10. Nc3 Be7 11. Bf4 O-O 12. Nb5 Bg4 13. Rfc1 Nd7 14. Bd6 Bxd6
15. Nxd6 Bxf3 16. Bxf3 Nd4 17. Bh5 Nf6 18. e3 Nxh5 19. exd4 Rfd8 20. Nb5 Rdc8
21. Nc7 Ra4 22. b3 Ra3 23. Nxd5 Rd8 24. Nxb6 Ra6 25. Na4 Rad6 26. Nc5 Rb8 27.
Nxb7 Rxd4 28. Nc5 Nf6 29. Rc4 Rd6 30. a4 Nd7 31. d4 1-0

[Event "Xtracon GM"]
[Site "Borup"]
[Date "2009.09.06"]
[Round "4"]
[White "Holst, Lasse"]
[Black "Pedersen, Jan Kaas"]
[Result "0-1"]
[WhiteElo "1881"]
[BlackElo "2053"]
[PlyCount "100"]
[EventDate "2009.09.04"]
[EventType "swiss"]
[EventRounds "9"]
[EventCountry "DEN"]
[Source "ChessBase"]
[SourceDate "2009.11.03"]

1. d4 d5 2. c4 e6 3. Nc3 Nf6 4. cxd5 exd5 5. Bg5 Be7 6. Qc2 c6 7. e3 Bg4 8. Bd3
Nbd7 9. f3 Bh5 10. Nge2 Bg6 11. Bxg6 hxg6 12. Rc1 Nh5 13. Bxe7 Qxe7 14. Qd3 Qd6
15. Kf2 Nhf6 16. h3 O-O 17. Rhe1 Rfe8 18. Rcd1 Rad8 19. a3 Nb6 20. Ng3 Nh5 21.
Nxh5 gxh5 22. Qf5 g6 23. Qd3 Qe7 24. e4 Qh4+ 25. Kg1 dxe4 26. fxe4 Nd7 27. Qf3
Qf6 28. Qxf6 Nxf6 29. e5 Nd5 30. Ne4 Kg7 31. Nd6 Re7 32. Ne4 Nf4 33. g3 Ne6 34.
Nd6 Nf8 35. b4 Ne6 36. Rf1 b6 37. Rf2 c5 38. bxc5 bxc5 39. dxc5 Rdd7 40. Rc2
Rc7 41. Rd5 Rc6 42. Ne4 Ra6 43. Rc3 Ra4 44. Nf2 Nd4 45. Kf1 Nb5 46. Rb3 a6 47.
c6 Rc4 48. a4 Nd4 49. Rb6 Nxc6 50. Rxa6 Nb4 0-1

[Event "Xtracon GM"]
[Site "Borup"]
[Date "2009.09.06"]
[Round "4"]
[White "Ivanov, Mikhail M"]
[Black "Hvenekilde, Jorgen"]
[Result "1-0"]
[WhiteElo "2459"]
[BlackElo "2163"]
[PlyCount "81"]
[EventDate "2009.09.04"]
[EventType "swiss"]
[EventRounds "9"]
[EventCountry "DEN"]
[Source "ChessBase"]
[SourceDate "2009.11.03"]

1. c4 e5 2. Nc3 d6 3. g3 g6 4. Bg2 Bg7 5. e4 Nc6 6. Nge2 Nd4 7. Nxd4 exd4 8.
Ne2 Bd7 9. d3 Rb8 10. b4 b5 11. cxb5 Rxb5 12. Bd2 h5 13. a4 Rb8 14. h3 Qc8 15.
Rc1 Ne7 16. Rc4 Be6 17. Rc1 c6 18. Nf4 Bd7 19. O-O Be5 20. h4 Bg4 21. f3 Bd7
22. Ne2 Qa6 23. Qc2 Qb6 24. Bg5 a5 25. bxa5 Qxa5 26. f4 Bg7 27. f5 Be5 28. Rb1
Rxb1 29. Rxb1 Qa7 30. Qb3 f6 31. Bd2 Rg8 32. fxg6 Rxg6 33. a5 Nc8 34. Kf2 Ke7
35. Qb7 Qc5 36. Bh3 Rg4 37. Bxg4 hxg4 38. Rb2 Qa3 39. Qb3 Qxb3 40. Rxb3 c5 41.
Rb7 1-0

[Event "Xtracon GM"]
[Site "Borup"]
[Date "2009.09.06"]
[Round "4"]
[White "Jacobsen, Bo"]
[Black "Knudsen, Jes West"]
[Result "1-0"]
[WhiteElo "2321"]
[BlackElo "1997"]
[PlyCount "75"]
[EventDate "2009.09.04"]
[EventType "swiss"]
[EventRounds "9"]
[EventCountry "DEN"]
[Source "ChessBase"]
[SourceDate "2009.11.03"]

1. Nf3 f5 2. d3 Nc6 3. e4 e5 4. Nc3 Nf6 5. Bg5 Bb4 6. exf5 d5 7. a3 Bxc3+ 8.
bxc3 Bxf5 9. Rb1 O-O 10. Rxb7 Qc8 11. Rb1 e4 12. Nd4 Re8 13. Be2 Nxd4 14. cxd4
exd3 15. cxd3 Qa6 16. Be3 Qxa3 17. O-O Re6 18. Rb7 Rc6 19. h3 Re8 20. Qa1 Qd6
21. Rxa7 Bxh3 22. Ra8 Bf5 23. Rxe8+ Nxe8 24. Qa8 Kf7 25. Ra1 Nf6 26. Bf4 Qe6
27. Be5 Nd7 28. Bf3 Nxe5 29. dxe5 Qxe5 30. d4 Qd6 31. Re1 Be6 32. Qh8 Qb4 33.
Bh5+ Kf6 34. Re3 Qb1+ 35. Kh2 Kg5 36. Qxg7+ Kxh5 37. Re5+ Bf5 38. g4+ 1-0

[Event "Xtracon GM"]
[Site "Borup"]
[Date "2009.09.06"]
[Round "4"]
[White "Johannsen, Kaj"]
[Black "Larsen, Karsten"]
[Result "0-1"]
[WhiteElo "1996"]
[BlackElo "2327"]
[PlyCount "70"]
[EventDate "2009.09.04"]
[EventType "swiss"]
[EventRounds "9"]
[EventCountry "DEN"]
[Source "ChessBase"]
[SourceDate "2009.11.03"]

1. e4 g6 2. d4 c6 3. Nc3 d5 4. f4 Bg7 5. Nf3 Bg4 6. e5 Nh6 7. h3 Bxf3 8. Qxf3
Nf5 9. Be3 h5 10. Bf2 h4 11. Qg4 e6 12. O-O-O Nd7 13. Bd3 Bf8 14. Bxf5 exf5 15.
Qe2 Bb4 16. e6 Nf6 17. Nb1 Ne4 18. exf7+ Kxf7 19. Qf3 Qc7 20. c3 Bd6 21. Be3
Rae8 22. Nd2 Qa5 23. Kb1 Qc7 24. Nxe4 Rxe4 25. Rhe1 Qe7 26. Bd2 Re8 27. g4 hxg3
28. Qxg3 Qf6 29. Rg1 Rh8 30. Rde1 Rh4 31. Rgf1 Rh6 32. Rxe4 fxe4 33. Qg4 Qf5
34. Rg1 Rxh3 35. Qe2 e3+ 0-1

[Event "Xtracon GM"]
[Site "Borup"]
[Date "2009.09.06"]
[Round "4"]
[White "Johansson, Anders"]
[Black "Skovle, Lars"]
[Result "1/2-1/2"]
[WhiteElo "2047"]
[BlackElo "1661"]
[PlyCount "70"]
[EventDate "2009.09.04"]
[EventType "swiss"]
[EventRounds "9"]
[EventCountry "DEN"]
[Source "ChessBase"]
[SourceDate "2009.11.03"]

1. Nf3 f5 2. d3 Nf6 3. e4 d6 4. Nc3 c5 5. exf5 Bxf5 6. d4 cxd4 7. Nxd4 Bd7 8.
Bc4 Nc6 9. Ne6 Qa5 10. O-O Nd8 11. Nd4 Rc8 12. Bb3 e5 13. Nde2 Be6 14. Bg5 Be7
15. Bxf6 gxf6 16. Nd5 Rc6 17. Ng3 Rf8 18. Qd3 f5 19. Rad1 Rf7 20. Rfe1 a6 21.
f4 Qc5+ 22. Kh1 e4 23. Nxe4 fxe4 24. Qxe4 Kd7 25. Nxe7 Rxe7 26. Bxe6+ Nxe6 27.
f5 Qxc2 28. fxe6+ Kc7 29. Qxc2 Rxc2 30. Rc1 Rc6 31. Kg1 d5 32. Kf2 Kd6 33.
Rxc6+ bxc6 34. b4 Rxe6 35. Rxe6+ Kxe6 1/2-1/2

[Event "Xtracon GM"]
[Site "Borup"]
[Date "2009.09.06"]
[Round "4"]
[White "Larsen, Jesper Riis"]
[Black "Antonsen, Mikkel"]
[Result "0-1"]
[WhiteElo "1998"]
[BlackElo "2428"]
[PlyCount "60"]
[EventDate "2009.09.04"]
[EventType "swiss"]
[EventRounds "9"]
[EventCountry "DEN"]
[Source "ChessBase"]
[SourceDate "2009.11.03"]

1. d4 Nf6 2. Nf3 e6 3. c4 c5 4. e3 cxd4 5. exd4 d5 6. Nc3 Bb4 7. Qc2 Nc6 8. a3
Bxc3+ 9. bxc3 O-O 10. Bg5 h6 11. Bxf6 Qxf6 12. cxd5 exd5 13. Be2 Ne7 14. Ne5
Qg5 15. g3 Bh3 16. f4 Qf6 17. Bg4 Bxg4 18. Nxg4 Qe6+ 19. Qe2 Qc6 20. Qd3 Rac8
21. Kd2 Qd6 22. Ne3 Rc6 23. Rhb1 Qd7 24. Qe2 Nc8 25. Rb5 Nd6 26. Rxd5 Ne4+ 27.
Kd3 Rxc3+ 28. Kxe4 Qc6 29. Qh5 Re8+ 30. Kf3 Rcxe3+ 0-1

[Event "Xtracon GM"]
[Site "Borup"]
[Date "2009.09.06"]
[Round "4"]
[White "Lund, Silas"]
[Black "Schmidt, Horst Hubert"]
[Result "1-0"]
[WhiteElo "2392"]
[BlackElo "1883"]
[PlyCount "89"]
[EventDate "2009.09.04"]
[EventType "swiss"]
[EventRounds "9"]
[EventCountry "DEN"]
[Source "ChessBase"]
[SourceDate "2009.11.03"]

1. d4 d5 2. c4 e6 3. g3 Nf6 4. Bg2 Be7 5. Nf3 O-O 6. O-O c5 7. cxd5 Nxd5 8. e4
Nf6 9. e5 Nd5 10. dxc5 Bxc5 11. Nbd2 Nc6 12. a3 Qc7 13. b4 Bd4 14. Nxd4 Nxd4
15. Bb2 Nc3 16. Bxc3 Qxc3 17. Ne4 Qb2 18. Rb1 Ne2+ 19. Kh1 Qxe5 20. Qxe2 Bd7
21. f4 Qc7 22. Rfc1 Qb6 23. Nc5 Bc6 24. Bxc6 Qxc6+ 25. Qg2 Qxg2+ 26. Kxg2 b6
27. Nd7 Rfc8 28. b5 h6 29. Rc6 Rxc6 30. bxc6 Rc8 31. Rc1 Rc7 32. Nb8 Kf8 33.
Na6 Rc8 34. c7 Ke7 35. Rd1 f6 36. Kf3 g6 37. g4 Ke8 38. Ke4 Ke7 39. f5 gxf5+
40. gxf5 e5 41. Kd5 Kd7 42. Rg1 Re8 43. Rg7+ Kc8 44. Nb8 e4 45. Nc6 1-0

[Event "Xtracon GM"]
[Site "Borup"]
[Date "2009.09.06"]
[Round "4"]
[White "Marshall, Michael"]
[Black "Hansen, Lars Henrik Bech"]
[Result "0-1"]
[WhiteElo "1904"]
[BlackElo "2096"]
[PlyCount "72"]
[EventDate "2009.09.04"]
[EventType "swiss"]
[EventRounds "9"]
[EventCountry "DEN"]
[Source "ChessBase"]
[SourceDate "2009.11.03"]

1. d4 e6 2. Nf3 f5 3. d5 Bd6 4. Bg5 Nf6 5. Nc3 a6 6. e4 fxe4 7. Nxe4 Be7 8.
Nxf6+ Bxf6 9. Bxf6 Qxf6 10. dxe6 Qxb2 11. Bc4 Qc3+ 12. Nd2 Qe5+ 13. Be2 dxe6
14. O-O O-O 15. Nf3 Qf6 16. Re1 Rd8 17. Bd3 c5 18. Qe2 Nc6 19. Qe4 g6 20. Qc4
Nd4 21. Ne5 Rd5 22. Ng4 Qg7 23. a4 Rg5 24. Ne3 Nf3+ 25. Kh1 Nxe1 26. Rxe1 Qd4
27. Qa2 Bd7 28. Bc4 Re8 29. Rd1 Qg7 30. g4 b5 31. axb5 axb5 32. f4 bxc4 33.
fxg5 Bc6+ 34. Kg1 Qc3 35. Ng2 Rf8 36. Qa1 Qxc2 0-1

[Event "Xtracon GM"]
[Site "Borup"]
[Date "2009.09.06"]
[Round "4"]
[White "Pedersen, Hans Dahl"]
[Black "Semcesen, Daniel"]
[Result "0-1"]
[WhiteElo "2210"]
[BlackElo "2465"]
[PlyCount "66"]
[EventDate "2009.09.04"]
[EventType "swiss"]
[EventRounds "9"]
[EventCountry "DEN"]
[Source "ChessBase"]
[SourceDate "2009.11.03"]

1. c4 e5 2. g3 Nf6 3. Bg2 d5 4. cxd5 Nxd5 5. Nf3 Nc6 6. O-O Nb6 7. d3 Be7 8. b3
O-O 9. Bb2 f6 10. Nbd2 Be6 11. Rc1 Qd7 12. Re1 a5 13. a3 Rfd8 14. Ne4 Qe8 15.
Nc5 Bxc5 16. Rxc5 Qf7 17. Nd2 Bd5 18. Bxd5 Nxd5 19. Nf3 Rd7 20. Qc2 Nd8 21. Qb1
Ne6 22. Rcc1 c5 23. Nd2 b6 24. Nc4 Rb8 25. Bc3 Nd4 26. b4 cxb4 27. axb4 a4 28.
b5 Nb3 29. Rc2 Ra7 30. Qb2 Qd7 31. Rb1 Qxb5 32. Nd2 Rc7 33. Nxb3 Qxb3 0-1

[Event "Xtracon GM"]
[Site "Borup"]
[Date "2009.09.06"]
[Round "4"]
[White "Rausis, Igors"]
[Black "Rendboe, John Filip"]
[Result "1-0"]
[WhiteElo "2525"]
[BlackElo "2246"]
[PlyCount "77"]
[EventDate "2009.09.04"]
[EventType "swiss"]
[EventRounds "9"]
[EventCountry "DEN"]
[Source "ChessBase"]
[SourceDate "2009.11.03"]

1. e4 c5 2. Nf3 Nc6 3. c3 Nf6 4. e5 Nd5 5. Na3 d6 6. exd6 e6 7. Nc4 Bxd6 8. d4
Be7 9. Nfe5 O-O 10. Nxc6 bxc6 11. dxc5 Bxc5 12. Be2 Ba6 13. O-O Qf6 14. Na5
Bxe2 15. Qxe2 Rac8 16. c4 Ne7 17. Rb1 Rfd8 18. Nb7 Qf5 19. Nxd8 Qxb1 20. Nxe6
Qf5 21. Nxc5 Qxc5 22. Qe3 Qxe3 23. Bxe3 Ng6 24. Rd1 a6 25. Kf1 h6 26. b3 Nf8
27. Ke2 f5 28. Rd6 Kf7 29. h4 Re8 30. Kd3 Re6 31. Rd8 Ng6 32. g3 Ne5+ 33. Kc3
Ng4 34. Rd7+ Kg6 35. Bd4 Nf6 36. Ra7 Ne4+ 37. Kb4 Nf6 38. a4 f4 39. gxf4 1-0

[Event "Xtracon GM"]
[Site "Borup"]
[Date "2009.09.06"]
[Round "4"]
[White "Skovgaard, Peter Nicolai"]
[Black "Meyer, Lars August"]
[Result "1-0"]
[WhiteElo "2256"]
[BlackElo "2268"]
[PlyCount "91"]
[EventDate "2009.09.04"]
[EventType "swiss"]
[EventRounds "9"]
[EventCountry "DEN"]
[Source "ChessBase"]
[SourceDate "2009.11.03"]

1. e4 e5 2. Nf3 Nf6 3. d4 exd4 4. e5 Ne4 5. Qxd4 Nc5 6. Bg5 Be7 7. Bxe7 Qxe7 8.
Nc3 Nc6 9. Qe3 Ne6 10. Nd5 Nb4 11. O-O-O Nxd5 12. Rxd5 b6 13. Rd2 Qc5 14. Qxc5
Nxc5 15. Bc4 Bb7 16. Ng5 Ne6 17. Nxf7 Kxf7 18. Rxd7+ Ke8 19. Bxe6 Bc8 20. Rhd1
Bxd7 21. Rxd7 g5 22. Rxc7 Kd8 23. Rd7+ Ke8 24. Rc7 Kd8 25. Rg7 h6 26. Bd5 Rc8
27. Rxa7 Re8 28. e6 Re7 29. Ra6 Kc7 30. c4 Rf8 31. f3 g4 32. Kd2 gxf3 33. gxf3
Kd6 34. Rxb6+ Kc5 35. Rb5+ Kd4 36. Rb3 Rg7 37. Rd3+ Kc5 38. Kc3 Rg2 39. e7 Re8
40. b4+ Kb6 41. Re3 Rg7 42. Re6+ Ka7 43. Rxh6 Rgxe7 44. b5 Re3+ 45. Kb4 Kb8 46.
a4 1-0

[Event "Xtracon GM"]
[Site "Borup"]
[Date "2009.09.06"]
[Round "4"]
[White "Teplyi, Igor"]
[Black "Krogh, Peter Ove"]
[Result "1-0"]
[WhiteElo "2284"]
[BlackElo "1945"]
[PlyCount "57"]
[EventDate "2009.09.04"]
[EventType "swiss"]
[EventRounds "9"]
[EventCountry "DEN"]
[Source "ChessBase"]
[SourceDate "2009.11.03"]

1. e4 c5 2. Nf3 a6 3. c4 e6 4. Nc3 Nc6 5. d4 cxd4 6. Nxd4 Qb6 7. Nb3 Bb4 8. Be3
Qc7 9. Rc1 Nf6 10. Bd3 d5 11. O-O Bxc3 12. Rxc3 dxe4 13. Bb1 O-O 14. Bg5 Qe5
15. Bxf6 Qxf6 16. Bxe4 e5 17. Rf3 Qh6 18. Rd3 Nb4 19. Rd6 Qf4 20. Nc5 Rb8 21.
Qb3 a5 22. g3 Qg5 23. a3 b6 24. Na4 f5 25. Bg2 Qe7 26. Rxb6 Rxb6 27. Nxb6 Na6
28. Nxc8 Rxc8 29. Qb7 1-0

[Event "Xtracon GM"]
[Site "Borup"]
[Date "2009.09.10"]
[Round "5"]
[White "Andersen, Lars Ren"]
[Black "Johannsen, Kaj"]
[Result "1/2-1/2"]
[WhiteElo "2095"]
[BlackElo "1996"]
[PlyCount "164"]
[EventDate "2009.09.04"]
[EventType "swiss"]
[EventRounds "9"]
[EventCountry "DEN"]
[Source "ChessBase"]
[SourceDate "2009.11.03"]

1. Nf3 Nf6 2. d4 e6 3. c4 d5 4. g3 Bb4+ 5. Bd2 Be7 6. Bg2 O-O 7. Nc3 a6 8. cxd5
exd5 9. O-O c6 10. Qc2 Re8 11. Rab1 Nbd7 12. b4 Nb6 13. Ne5 Ng4 14. Na4 Nxa4
15. Qxa4 Bd6 16. Nxg4 Bxg4 17. e3 Qd7 18. Rb2 Bc7 19. Qb3 h5 20. a4 h4 21. Rc1
Bh3 22. b5 axb5 23. axb5 Bxg2 24. Kxg2 Re6 25. bxc6 bxc6 26. Qd1 Rg6 27. Qf3
Re8 28. Be1 Rf6 29. Qe2 Rh6 30. Kg1 Qh3 31. Qf3 Qe6 32. Rbc2 Rf6 33. Qg2 Qd7
34. Rb2 Qf5 35. g4 Qd3 36. Rd2 Qb5 37. h3 g5 38. Rdc2 Kg7 39. Rc5 Qa4 40. R5c2
Bb6 41. Qf1 Rfe6 42. Qd3 Bxd4 43. Bc3 Bxc3 44. Rxc3 Ra8 45. Qf5 Rg6 46. Rc5 Re8
47. Qd7 Ree6 48. Rxd5 Qe4 49. Rf5 Re7 50. Qd4+ Qxd4 51. exd4 Rd7 52. Rcc5 Rxd4
53. Rxg5 Rdd6 54. Rh5 Rh6 55. Kf1 Rd1+ 56. Ke2 Rdd6 57. Rxh6 Rxh6 58. f4 Re6+
59. Kf3 Rd6 60. g5 f6 61. Kg4 fxg5 62. fxg5 Kg6 63. Rc4 c5 64. Rxc5 Rd4+ 65.
Kf3 Rd3+ 66. Kf4 Rxh3 67. Rc6+ Kg7 68. Kg4 Rh1 69. Rc7+ Kg6 70. Rc6+ Kg7 71.
Kh5 h3 72. Rc7+ Kf8 73. Kh6 Rg1 74. Rc2 Rg2 75. Rc8+ Kf7 76. Rc7+ Kf8 77. Rc1
h2 78. Rh1 Kf7 79. Rf1+ Kg8 80. Rh1 Kf7 81. Kh5 Kg7 82. Kh4 Kg6 1/2-1/2

[Event "Xtracon GM"]
[Site "Borup"]
[Date "2009.09.10"]
[Round "5"]
[White "Antonsen, Mikkel"]
[Black "Jakobsen, Ole"]
[Result "1-0"]
[WhiteElo "2428"]
[BlackElo "2344"]
[PlyCount "79"]
[EventDate "2009.09.04"]
[EventType "swiss"]
[EventRounds "9"]
[EventCountry "DEN"]
[Source "ChessBase"]
[SourceDate "2009.11.03"]

1. d4 Nf6 2. c4 e6 3. Nc3 Bb4 4. Qc2 d5 5. a3 Bxc3+ 6. Qxc3 Ne4 7. Qc2 Nc6 8.
e3 O-O 9. Nf3 a5 10. Bd3 f5 11. b3 Bd7 12. Rb1 Qe7 13. O-O Be8 14. Ne1 Rf6 15.
f3 Nd6 16. c5 Nf7 17. f4 g5 18. b4 axb4 19. axb4 g4 20. b5 Ncd8 21. Rb2 c6 22.
b6 Nh8 23. Ra2 Rxa2 24. Qxa2 Rf8 25. Bc2 Ng6 26. Nd3 Nf7 27. Bd2 Qd8 28. Ra1
Bd7 29. Qb1 Qb8 30. Ra7 Rd8 31. Nb4 Nf8 32. Be1 Ng6 33. Bd3 Be8 34. Ba6 Rd7 35.
Nxc6 bxc6 36. b7 Qxa7 37. b8=Q Qxb8 38. Qxb8 Rd8 39. Qb7 Kf8 40. Ba5 1-0

[Event "Xtracon GM"]
[Site "Borup"]
[Date "2009.09.10"]
[Round "5"]
[White "Battaglini, Gabriel"]
[Black "Glud, Jakob Vang"]
[Result "1/2-1/2"]
[WhiteElo "2360"]
[BlackElo "2476"]
[PlyCount "94"]
[EventDate "2009.09.04"]
[EventType "swiss"]
[EventRounds "9"]
[EventCountry "DEN"]
[Source "ChessBase"]
[SourceDate "2009.11.03"]

1. d4 d5 2. c4 e6 3. Nc3 Nf6 4. cxd5 exd5 5. Bg5 Be7 6. e3 O-O 7. Bd3 Nbd7 8.
Nge2 c6 9. Qc2 Re8 10. Rb1 a5 11. O-O Nf8 12. Bh4 Ng4 13. Bg3 Bd6 14. h3 Bxg3
15. Nxg3 Nf6 16. b4 axb4 17. Rxb4 Qd6 18. Rfb1 Ra3 19. Qc1 Ra7 20. a4 Ne6 21.
Rb6 Qe7 22. Qb2 g6 23. Nge2 h5 24. Qd2 Qd8 25. Bc2 h4 26. f3 Nh5 27. e4 dxe4
28. Nxe4 f5 29. N4c3 Kh7 30. R6b2 Qd6 31. d5 Nef4 32. Nxf4 Nxf4 33. Qf2 Qf6 34.
Qxa7 Qxc3 35. Qf2 Qf6 36. dxc6 Re2 37. cxb7 Nxh3+ 38. gxh3 Qg5+ 39. Kf1 Rxf2+
40. Kxf2 Qg3+ 41. Ke3 Qe5+ 42. Kd2 Qf4+ 43. Ke2 Qh2+ 44. Kd3 Qd6+ 45. Ke2 Qh2+
46. Kd3 Qd6+ 47. Ke2 Qh2+ 1/2-1/2

[Event "Xtracon GM"]
[Site "Borup"]
[Date "2009.09.10"]
[Round "5"]
[White "Bekker Jensen, David"]
[Black "Rosenkilde, Alexander"]
[Result "1-0"]
[WhiteElo "2338"]
[BlackElo "2180"]
[PlyCount "83"]
[EventDate "2009.09.04"]
[EventType "swiss"]
[EventRounds "9"]
[EventCountry "DEN"]
[Source "ChessBase"]
[SourceDate "2009.11.03"]

1. d4 Nf6 2. c4 e6 3. Nc3 Bb4 4. e3 b6 5. Nge2 Ne4 6. Bd2 Nxd2 7. Qxd2 O-O 8.
a3 Be7 9. Ng3 f5 10. Bd3 d6 11. Qc2 Nd7 12. O-O-O c6 13. e4 g6 14. exf5 exf5
15. Kb1 Bf6 16. h4 Bxd4 17. Bxf5 Bxc3 18. Be6+ Kg7 19. Qxc3+ Qf6 20. Qxf6+ Rxf6
21. Rhe1 Nc5 22. Bxc8 Rxc8 23. Re7+ Kh6 24. f3 a5 25. b4 axb4 26. axb4 Na4 27.
Ne4 Rf4 28. Ng5 Rxh4 29. Nf7+ Kg7 30. Nxd6+ Kf6 31. Nxc8 Nc3+ 32. Kc2 Nxd1 33.
Kxd1 Rxc4 34. Re4 Rxe4 35. fxe4 Ke5 36. Nxb6 Kxe4 37. Nc4 Kd4 38. Na5 Kd5 39.
Ke2 h5 40. Ke3 g5 41. Kf3 Kd6 42. Ke4 1-0

[Event "Xtracon GM"]
[Site "Borup"]
[Date "2009.09.10"]
[Round "5"]
[White "De Verdier, Michael"]
[Black "Bromann, Thorbjorn"]
[Result "1/2-1/2"]
[WhiteElo "2276"]
[BlackElo "2432"]
[PlyCount "86"]
[EventDate "2009.09.04"]
[EventType "swiss"]
[EventRounds "9"]
[EventCountry "DEN"]
[Source "ChessBase"]
[SourceDate "2009.11.03"]

1. Nf3 d5 2. d4 Nc6 3. c4 Bg4 4. Nc3 e6 5. cxd5 exd5 6. Bf4 Bxf3 7. gxf3 Bd6 8.
Nxd5 Bxf4 9. Nxf4 Qxd4 10. Qxd4 Nxd4 11. O-O-O Rd8 12. e3 Ne6 13. Rxd8+ Kxd8
14. Nxe6+ fxe6 15. Rg1 g6 16. Bh3 Kd7 17. Rd1+ Ke7 18. Rd3 Nf6 19. Ra3 Ra8 20.
f4 Nd5 21. Ra4 c6 22. Re4 Nc7 23. Rb4 Rb8 24. Kd2 b6 25. Ke2 c5 26. Re4 Kd6 27.
Bg4 b5 28. h4 b4 29. Kd3 Re8 30. Re5 Nd5 31. Bd1 Nb6 32. Bb3 Nd7 33. Ba4 c4+
34. Kd4 Rc8 35. Bxd7 Kxd7 36. Rb5 a5 37. a3 c3 38. bxc3 bxc3 39. Rb1 Rb8 40.
Rxb8 c2 41. Rb7+ Kd8 42. Rb8+ Kd7 43. Rb7+ Kd8 1/2-1/2

[Event "Xtracon GM"]
[Site "Borup"]
[Date "2009.09.10"]
[Round "5"]
[White "Hansen, Lars Henrik Bech"]
[Black "Christensen, Casper"]
[Result "0-1"]
[WhiteElo "2096"]
[BlackElo "1842"]
[PlyCount "108"]
[EventDate "2009.09.04"]
[EventType "swiss"]
[EventRounds "9"]
[EventCountry "DEN"]
[Source "ChessBase"]
[SourceDate "2009.11.03"]

1. e4 d6 2. d4 g6 3. f3 Bg7 4. Be3 Nf6 5. Nc3 a6 6. Qd2 Nbd7 7. Bh6 O-O 8. h4
Re8 9. h5 Bxh6 10. Qxh6 gxh5 11. O-O-O e5 12. g4 exd4 13. Nce2 hxg4 14. fxg4
Nf8 15. Bh3 Nxe4 16. Nf3 Qf6 17. Qxf6 Nxf6 18. Nexd4 Ng6 19. Nf5 Bxf5 20. gxf5
Nf4 21. Rdg1+ Kf8 22. Bf1 h5 23. Rg5 Re3 24. Nd4 Re1+ 25. Kd2 Rxf1 26. Rxf1
Ne4+ 27. Ke3 Nxg5 28. Kxf4 Nh7 29. Rh1 Nf6 30. Kg5 Kg7 31. Re1 Re8 32. Rxe8
Nxe8 33. Kxh5 Kf6 34. Kg4 Ng7 35. Kf4 c5 36. Ne2 Nxf5 37. Nc3 Ke6 38. Ne4 f6
39. c4 Ne7 40. Nc3 d5 41. Na4 Kd6 42. cxd5 Kxd5 43. Nc3+ Kd4 44. Ne4 Nd5+ 45.
Kf5 Ne3+ 46. Kf4 Nd1 47. b3 Nc3 48. Nxf6 Nxa2 49. Ne4 Nc1 50. Nd6 b5 51. Nf5+
Kd3 52. Ke5 Nxb3 53. Kd5 c4 54. Ng3 c3 0-1

[Event "Xtracon GM"]
[Site "Borup"]
[Date "2009.09.10"]
[Round "5"]
[White "Hvenekilde, Jorgen"]
[Black "Larsen, Jesper Riis"]
[Result "1/2-1/2"]
[WhiteElo "2163"]
[BlackElo "1998"]
[PlyCount "20"]
[EventDate "2009.09.04"]
[EventType "swiss"]
[EventRounds "9"]
[EventCountry "DEN"]
[Source "ChessBase"]
[SourceDate "2009.11.03"]

1. d4 d5 2. Nf3 Nf6 3. g3 c6 4. Bg2 Bg4 5. Ne5 Bf5 6. O-O Nbd7 7. c4 e6 8. Qb3
Qb6 9. Nxd7 Nxd7 10. Qxb6 axb6 1/2-1/2

[Event "Xtracon GM"]
[Site "Borup"]
[Date "2009.09.10"]
[Round "5"]
[White "Jensen, Jan Kargaard"]
[Black "Johansson, Anders"]
[Result "1-0"]
[WhiteElo "1762"]
[BlackElo "2047"]
[PlyCount "113"]
[EventDate "2009.09.04"]
[EventType "swiss"]
[EventRounds "9"]
[EventCountry "DEN"]
[Source "ChessBase"]
[SourceDate "2009.11.03"]

1. d4 Nf6 2. c4 g6 3. Nc3 d5 4. Bf4 Bg7 5. Rc1 dxc4 6. e4 Nh5 7. Be3 Nc6 8. e5
f5 9. f4 e6 10. Nf3 Bh6 11. g3 Na5 12. d5 O-O 13. Bc5 Re8 14. Bb4 c6 15. Qa4
Qb6 16. Nd1 Bf8 17. d6 Nb3 18. axb3 a5 19. Bd2 Qxb3 20. Qxb3 cxb3 21. Ne3 b5
22. Nd4 Bd7 23. Bg2 c5 24. Rxc5 Rac8 25. Nxb3 Nf6 26. Ke2 a4 27. Rxc8 Rxc8 28.
Na5 Ne8 29. Rc1 Nxd6 30. exd6 Rxc1 31. Bxc1 Bxd6 32. Bc6 Bc8 33. Bxb5 a3 34.
bxa3 e5 35. fxe5 Bxe5 36. Nc6 Bd6 37. a4 Bb7 38. Nc4 Bc7 39. Be3 h5 40. Kd3 h4
41. Bf4 hxg3 42. hxg3 Bxf4 43. gxf4 g5 44. fxg5 Kg7 45. Ke3 f4+ 46. Kxf4 Kg6
47. N4e5+ Kg7 48. a5 Kh8 49. a6 Ba8 50. Kf5 Kg7 51. Nd7 Kh8 52. Kf6 Kg8 53. g6
Kh8 54. g7+ Kh7 55. g8=Q+ Kxg8 56. Ne7+ Kh7 57. Bc6 1-0

[Event "Xtracon GM"]
[Site "Borup"]
[Date "2009.09.10"]
[Round "5"]
[White "Knudsen, Jes West"]
[Black "Madsen, Poul Henrik"]
[Result "0-1"]
[WhiteElo "1997"]
[BlackElo "2075"]
[PlyCount "58"]
[EventDate "2009.09.04"]
[EventType "swiss"]
[EventRounds "9"]
[EventCountry "DEN"]
[Source "ChessBase"]
[SourceDate "2009.11.03"]

1. e4 d6 2. d4 Nf6 3. Nc3 g6 4. f4 Bg7 5. Be2 c5 6. dxc5 Qa5 7. Qd3 Qxc5 8. Be3
Qa5 9. Bd2 Nc6 10. Nd5 Qd8 11. Bc3 e5 12. O-O-O O-O 13. Nf3 Nxd5 14. exd5 Bf5
15. Qd2 Bh6 16. g3 Ne7 17. Ng5 Bxg5 18. fxg5 Be4 19. Rhf1 Nxd5 20. Ba5 b6 21.
Bf3 Bxf3 22. Rxf3 bxa5 23. Qxd5 Qxg5+ 24. Kb1 Rab8 25. Qxa5 Qg4 26. Rfd3 e4 27.
Rxd6 e3 28. Re1 Rfe8 29. Qxa7 Qb4 0-1